00532ngm a22001697a 450000500170000000800410001704100080005808200120006610000210007824501350009930000130023465000090024765000250025665000340028165000220031565000250033720220617095220.0160208b xxu||||| |||| 00| 0 spa d aspa a424 DVD aTorres, Norberto aNorberto Torres T, el legado de un maestro: 42 años de experiencia. Una recopilación de 40 artículos de técnicas dentales. a1 CD-ROM aYESO aESPÁTULA DE VIDRIO aPROTÉSIS PARCIAL FRACTURADA aGANCHOS FLOTANTES aPRÓTESIS FLEXIBLES